Sovietska dramatika na javisku Divadla SNP Martin

Bibliographic Details
Main Author: Galanda, Igor, 1929-1990 (Author)
Format: Article
Language:Slovak
PhysicalDescription:Obr. 1.
Subjects:

MARC

LEADER 00000nab a2200000 a 4500
001 vtls000057434
003 SK-MaSNL
005 20260303194415.0
008 150430c1980 xo 0 slo
015 |a SNBRB19rr/mm-uuuuu 
035 |a CL0067531 
040 |a SNKBUCL  |b slo  |c SNKBUCL  |e AACR2 
041 0 |a slo 
044 |a xo  |c SK 
080 |a 792.2  |2 1981 
100 1 |a Galanda, Igor,  |d 1929-1990  |4 aut  |9 106410 
245 1 0 |a Sovietska dramatika na javisku Divadla SNP Martin  |c Igor Galanda 
300 |b Obr. 1. 
610 2 7 |a Divadlo Slovenského národného povstania  |2 snkbucl  |9 232430 
651 7 |a 5306  |2 snkbucl  |9 893716 
655 7 |a články z novín a časopisov  |2 snkbucl  |9 267496 
773 0 |t Smer  |g Roč. 32, č. 79 (2. 4. 1980), s. 4 
850 |a Slovenská národná knižnica v Martine  |a MTA001 
852 |a SNK  |b KIS3GCP 
958 |a RK 
958 |a SK 
992 |a RBX 
999 |c 2157367  |d 2159297